Pest monkey problems in IADP mango projects in Perlis

Bibliographic Details
Main Author: KAVANAGH
Other Authors: Vellayan
Format: Book
Published: Petaling Jaya, Selangor : WWF Malaysia , 1995
Subjects:

MARC

LEADER 00000cam a2200000 7i4500
001 0000001648
005 20010905.0
090 0 0 |a 632.609595110   |b KAV 1995 
100 1 0 |a KAVANAGH   |h Mikaail 
245 1 0 |a Pest monkey problems in IADP mango projects in Perlis   |c by Mikaail Kavanagh & S. Vellayan 
260 0 0 |a Petaling Jaya, Selangor :   |b WWF Malaysia ,   |c 1995 
300 |a i, 21 p. :   |b ill. ;   |c 30 cm. 
500 0 0 |a Bibliography : p. 14 
650 0 0 |a Mango   |z Perlis   |x Diseases and pests 
650 0 0 |a Pests 
700 0 1 |a Vellayan   |h S. 
998 |a JPSM 
999 |a 0000000609   |b Monograph   |c Open Shelf   |e Default branch